Frendit - Statistics

Yleistilastot
  • Tätä visaa on pelattu 42 kertaa
  • Keskiarvotulos 6 / 6
Vastaustilastot
% Oikein
Monica
100%
Rachel
100%
Ross
98%
Joey
95%
Chandler
93%
Phoebe
90%
Ehtoja vastaavia visoja ei löytynyt
Tulosjakauma
Jokaisen tuloksen saaneiden osuus
Persentiili vastausten määrän mukaan
Tuloshistoriasi
Et ole pelannut tätä visaa